[Event "Sharjah op blitz"]
[Site "Sharjah"]
[Date "2014.07.09"]
[Round "2"]
[White "Ammar, Sedrani"]
[Black "Ioualalen, Lotfi"]
[Result "0-1"]
[WhiteElo "1564"]
[BlackElo "2130"]
[PlyCount "61"]
[EventDate "2014.07.09"]
[EventType "swiss (blitz)"]
[EventRounds "9"]
[EventCountry "UAE"]
[SourceTitle "EXT 2016"]
[Source "ChessBase"]
[SourceDate "2015.10.08"]
[SourceVersion "1"]
[SourceVersionDate "2015.10.08"]
[SourceQuality "1"]

1. d4 d5 2. Nf3 c6 3. e3 Nf6 4. b3 Bg4 5. Nbd2 e6 6. Bd3 Bd6 7. Bb2 0-0 8. c4 Nbd7 9. Qc2 Qe7 10. Ne5 Bh5 11. Nxd7 Qxd7 12. f4 Bg6 13. f5 exf5 14. 0-0 Ne4 15. Nf3 f6 16. Nh4 Rfe8 17. a4 Rac8 18. Qe2 Re7 19. cxd5 cxd5 20. Rac1 Rce8 21. Bb5 Qe6 22. Bxe8 Rxe8 23. Nf3 Bh5 24. Qc2 Bb8 25. Nd2 Qd6 26. Nxe4 Qxh2+ 27. Kf2 Qh4+ 28. g3 Qh2+ 29. Ke1 Qxc2 30. Nxf6+ gxf6 31. Rxc2 0-1

[Event "Sharjah op rapid"]
[Site "Sharjah"]
[Date "2014.07.08"]
[Round "8"]
[White "Farouk, Hudaifa"]
[Black "Ioualalen, Lotfi"]
[Result "0-1"]
[WhiteElo "1601"]
[BlackElo "2134"]
[PlyCount "104"]
[EventDate "2014.07.05"]
[EventType "swiss (rapid)"]
[EventRounds "9"]
[EventCountry "UAE"]
[SourceTitle "CBM 161 Extra"]
[Source "ChessBase"]
[SourceDate "2014.08.29"]
[SourceVersion "1"]
[SourceVersionDate "2014.08.29"]
[SourceQuality "1"]

1. d4 Nf6 2. Nf3 e6 3. e3 c5 4. Bd3 d5 5. b3 Nc6 6. Bb2 Bd6 7. 0-0 Qc7 8. dxc5 Bxc5 9. Bxf6 gxf6 10. Nbd2 f5 11. a3 0-0 12. Ng5 f6 13. Nh3 Bd6 14. f4 e5 15. c4 d4 16. fxe5 fxe5 17. exd4 e4 18. Nxe4 fxe4 19. Rxf8+ Bxf8 20. Bxe4 Qg7 21. Bd5+ Kh8 22. Kh1 Bxh3 23. gxh3 Nxd4 24. Qd3 Bd6 25. Rg1 Qe5 26. Qg3 Qxd5+ 27. cxd5 Bxg3 28. Rxg3 Rd8 29. Re3 Rd7 30. Kg2 Nc2 31. Rd3 Rxd5 32. Rc3 Nxa3 33. Rc8+ Kg7 34. Rc7+ Kg6 35. Rxb7 a5 36. b4 Rd2+ 37. Kg3 Rd3+ 38. Kg2 a4 39. Ra7 Nc4 40. Rxa4 Ra3 41. Rxa3 Nxa3 42. Kg3 Kh5 43. h4 Nb5 44. Kh3 Nc3 45. Kg3 Ne4+ 46. Kh3 Nd6 47. Kg3 Kg6 48. Kh3 Kf5 49. Kg3 Ne4+ 50. Kh3 h5 51. b5 Kf4 52. b6 Kf3 0-1

[Event "Sharjah op rapid"]
[Site "Sharjah"]
[Date "2014.07.05"]
[Round "2"]
[White "Rashed, Mohamed Al Kendi"]
[Black "Ioualalen, Lotfi"]
[Result "0-1"]
[WhiteElo "1622"]
[BlackElo "2134"]
[PlyCount "94"]
[EventDate "2014.07.05"]
[EventType "swiss (rapid)"]
[EventRounds "9"]
[EventCountry "UAE"]
[SourceTitle "CBM 161 Extra"]
[Source "ChessBase"]
[SourceDate "2014.08.29"]
[SourceVersion "1"]
[SourceVersionDate "2014.08.29"]
[SourceQuality "1"]

1. d4 Nf6 2. c4 g6 3. Nc3 Bg7 4. e4 d6 5. Nge2 0-0 6. Ng3 e5 7. d5 Na6 8. h4 h5 9. Bg5 Qe8 10. Be2 Nh7 11. Be3 Nc5 12. Qd2 a5 13. Bh6 Bd7 14. Bxg7 Kxg7 15. Bxh5 gxh5 16. Nxh5+ Kg6 17. Ng3 f5 18. h5+ Kg7 19. exf5 Bxf5 20. Nxf5+ Rxf5 21. Rh4 Rxh5 22. Rg4+ Kh8 23. 0-0-0 Qf7 24. Qc2 Rg8 25. Rxg8+ Kxg8 26. Nb5 Nf6 27. g4 Rh2 28. Qf5 Ne8 29. Qg5+ Kf8 30. Nc3 Qxf2 31. Rd2 Nd3+ 32. Kc2 Nb4+ 33. Kc1 Qxd2+ 34. Qxd2 Rxd2 35. Kxd2 Nf6 36. a3 Na6 37. g5 Nd7 38. Ne4 Kg7 39. Ke3 Kg6 40. Kf3 Nac5 41. Nxc5 Nxc5 42. Kg4 Nd3 43. b3 Nc5 44. b4 axb4 45. axb4 Nd3 46. c5 Nxb4 47. cxd6 cxd6 0-1

[Event "ALG-ch"]
[Site "Algiers"]
[Date "2013.05.04"]
[Round "9"]
[White "Ioualalen, Lotfi"]
[Black "Nassr, Ali"]
[Result "1/2-1/2"]
[WhiteElo "2099"]
[BlackElo "2050"]
[PlyCount "61"]
[EventDate "2013.04.27"]
[EventType "tourn"]
[EventRounds "9"]
[EventCountry "ALG"]
[SourceTitle "CBM 154 Extra"]
[Source "ChessBase"]
[SourceDate "2013.06.25"]
[SourceVersion "2"]
[SourceVersionDate "2013.06.25"]
[SourceQuality "1"]

1. d4 Nf6 2. c4 e6 3. Nf3 b6 4. g3 Bb7 5. Bg2 Be7 6. 0-0 0-0 7. Nc3 Ne4 8. Qc2 Nxc3 9. Qxc3 Be4 10. Rd1 d6 11. Ne1 Bxg2 12. Nxg2 Nd7 13. b3 c6 14. Bb2 d5 15. cxd5 cxd5 16. Rac1 Rc8 17. Qxc8 Qxc8 18. Rxc8 Rxc8 19. Ne1 g6 20. Nd3 Rc2 21. Rc1 Rxc1+ 22. Bxc1 Nb8 23. f3 Nc6 24. Bb2 Bf6 25. e3 Kf8 26. g4 Ke8 27. Kf2 Kd7 28. Ke2 h5 29. gxh5 gxh5 30. Ne5+ Bxe5 31. dxe5 1/2-1/2

[Event "ALG-ch"]
[Site "Algiers"]
[Date "2013.04.29"]
[Round "4"]
[White "Ioualalen, Lotfi"]
[Black "Haddouche, Mohamed Amine"]
[Result "0-1"]
[WhiteElo "2099"]
[BlackElo "2464"]
[PlyCount "104"]
[EventDate "2013.04.27"]
[EventType "tourn"]
[EventRounds "9"]
[EventCountry "ALG"]
[SourceTitle "CBM 154 Extra"]
[Source "ChessBase"]
[SourceDate "2013.06.25"]
[SourceVersion "2"]
[SourceVersionDate "2013.06.25"]
[SourceQuality "1"]

1. d4 d6 2. Nf3 Nf6 3. c4 g6 4. g3 Bg7 5. Bg2 0-0 6. 0-0 Nbd7 7. Nc3 e5 8. dxe5 dxe5 9. Qb3 c6 10. Rd1 Qe7 11. h3 Re8 12. Bg5 h6 13. Be3 Bf8 14. Nd2 Qe6 15. g4 Nc5 16. Qc2 a5 17. Nde4 Ncxe4 18. Nxe4 Nxe4 19. Bxe4 f5 20. gxf5 gxf5 21. Bg2 Qf7 22. Bb6 Be6 23. c5 e4 24. b3 Bg7 25. Rac1 Be5 26. e3 Kh8 27. Rd6 Rg8 28. Kh1 Rg5 29. Rg1 Bxd6 30. cxd6 Rag8 31. Bd4+ Kh7 32. Be5 Qg6 33. Bg3 h5 34. d7 Bxd7 35. Qd1 Be8 36. Qf1 Qe6 37. Bf4 R5g7 38. Qe1 a4 39. bxa4 Qxa2 40. Be5 Rg6 41. Qa5 h4 42. Qd8 Qe6 43. Qxh4+ Rh6 44. Qf4 Bh5 45. Rb1 Qd7 46. Kh2 Qf7 47. Bc7 Bf3 48. Bf1 Qg6 49. Qg3 Qh5 50. Qe5 Qxh3+ 51. Bxh3 Rg2+ 52. Kh1 Rxh3+ 0-1

[Event "ALG-ch"]
[Site "Algiers"]
[Date "2013.04.27"]
[Round "1"]
[White "Ferhi, Djamel"]
[Black "Ioualalen, Lotfi"]
[Result "1/2-1/2"]
[WhiteElo "2135"]
[BlackElo "2099"]
[PlyCount "28"]
[EventDate "2013.04.27"]
[EventType "tourn"]
[EventRounds "9"]
[EventCountry "ALG"]
[SourceTitle "CBM 154 Extra"]
[Source "ChessBase"]
[SourceDate "2013.06.25"]
[SourceVersion "2"]
[SourceVersionDate "2013.06.25"]
[SourceQuality "1"]

1. Nf3 d5 2. d4 Nf6 3. g3 g6 4. Bg2 Bg7 5. 0-0 0-0 6. Ne5 c6 7. c4 Be6 8. c5 b6 9. cxb6 axb6 10. Nc3 Nfd7 11. Nf3 Nf6 12. Ne5 Nfd7 13. Nf3 Nf6 14. Ne5 Nfd7 1/2-1/2

[Event "ALG-ch sf"]
[Site "Sidi Bel Abbes"]
[Date "2013.03.30"]
[Round "7"]
[White "Ioualalen, Lotfi"]
[Black "Khennous, Fares"]
[Result "1-0"]
[WhiteElo "2099"]
[BlackElo "1906"]
[PlyCount "83"]
[EventDate "2013.03.27"]
[EventType "swiss"]
[EventRounds "9"]
[EventCountry "ALG"]
[SourceTitle "CBM 153 Extra"]
[Source "ChessBase"]
[SourceDate "2013.04.22"]
[SourceVersion "1"]
[SourceVersionDate "2013.04.22"]
[SourceQuality "1"]

1. d4 e6 2. c4 d5 3. Nc3 c6 4. e3 f5 5. g3 Nf6 6. Bg2 Bd6 7. Nf3 0-0 8. 0-0 Nbd7 9. b3 Qe8 10. Bb2 Ne4 11. Ne2 g5 12. Ne5 Qh5 13. f3 Nef6 14. Qd3 Be7 15. Nc3 Bd6 16. Na4 Be7 17. Rad1 Nxe5 18. dxe5 Nd7 19. f4 dxc4 20. bxc4 Nb6 21. Qb3 Qe8 22. Rd3 gxf4 23. exf4 Nxa4 24. Qxa4 Bc5+ 25. Bd4 Qe7 26. Rfd1 Bd7 27. Kh1 Be8 28. Bf3 Bf7 29. Qb3 Bxd4 30. Rxd4 Rad8 31. Rd6 Rxd6 32. Rxd6 Qc7 33. Qd1 Qa5 34. Bh5 Qc7 35. Bxf7+ Rxf7 36. Rxe6 c5 37. Qd5 Kg7 38. Rd6 Qa5 39. Qd2 Qa3 40. Kg2 b5 41. e6 Rf8 42. Qe2 1-0

[Event "ALG-ch sf"]
[Site "Sidi Bel Abbes"]
[Date "2013.03.29"]
[Round "5"]
[White "Ioualalen, Lotfi"]
[Black "Saim, Mohamed Ilias"]
[Result "1/2-1/2"]
[WhiteElo "2099"]
[BlackElo "1967"]
[PlyCount "29"]
[EventDate "2013.03.27"]
[EventType "swiss"]
[EventRounds "9"]
[EventCountry "ALG"]
[SourceTitle "CBM 153 Extra"]
[Source "ChessBase"]
[SourceDate "2013.04.22"]
[SourceVersion "1"]
[SourceVersionDate "2013.04.22"]
[SourceQuality "1"]

1. d4 e6 2. c4 f5 3. g3 Nf6 4. Bg2 Be7 5. Nf3 d6 6. Nc3 0-0 7. 0-0 Qe8 8. Re1 Ne4 9. Nxe4 fxe4 10. Ng5 d5 11. Nh3 c6 12. b3 Qf7 13. f4 a5 14. e3 Na6 15. Nf2 1/2-1/2

[Event "Algiers Ameyar Memorial-A 11th"]
[Site "Algiers"]
[Date "2012.11.16"]
[Round "2"]
[White "Ioualalen, Lotfi"]
[Black "Latreche, Khadidja"]
[Result "1-0"]
[WhiteElo "2119"]
[BlackElo "1875"]
[PlyCount "72"]
[EventDate "2012.11.16"]
[EventType "swiss"]
[EventRounds "9"]
[EventCountry "ALG"]
[SourceTitle "CBM 151 Extra"]
[Source "ChessBase"]
[SourceDate "2012.12.18"]
[SourceVersion "1"]
[SourceVersionDate "2012.12.18"]
[SourceQuality "1"]

1. d4 Nf6 2. c4 d6 3. Nc3 Nbd7 4. e4 e5 5. Nf3 Be7 6. Be2 0-0 7. 0-0 a5 8. Re1 Re8 9. Qc2 c6 10. Bf1 Bf8 11. h3 exd4 12. Nxd4 d5 13. cxd5 Nxd5 14. Nxd5 cxd5 15. Nb5 Nc5 16. Be3 Na6 17. Rad1 Be6 18. exd5 Rc8 19. Qb3 Bf5 20. Nc3 Nb4 21. Rd2 Qf6 22. a3 Na6 23. Qxb7 Nc5 24. Qb5 Rb8 25. Qc6 Bd6 26. Bg5 Qxg5 27. Rxe8+ Rxe8 28. Qxe8+ Bf8 29. Qe3 Qxe3 30. fxe3 Nb3 31. Rf2 Bd7 32. Bc4 Nc5 33. Kf1 Bd6 34. Ke2 f5 35. b4 axb4 36. axb4 Na6 1-0

[Event "ALG-ch 24th"]
[Site "Sidi Bel Abbes"]
[Date "2012.03.02"]
[Round "3"]
[White "Ioualalen, Lotfi"]
[Black "Salhi, Nouressadat"]
[Result "1-0"]
[WhiteElo "2107"]
[BlackElo "2115"]
[PlyCount "73"]
[EventDate "2012.03.01"]
[EventType "tourn"]
[EventRounds "9"]
[EventCountry "ALG"]
[SourceTitle "CBM 147 Extra"]
[Source "ChessBase"]
[SourceDate "2012.04.24"]
[SourceVersion "1"]
[SourceVersionDate "2012.04.24"]
[SourceQuality "1"]

1. d4 Nf6 2. c4 c5 3. d5 b5 4. cxb5 a6 5. b6 e6 6. Nc3 Qxb6 7. e4 exd5 8. exd5 d6 9. Nf3 Be7 10. Be2 0-0 11. 0-0 Re8 12. Nd2 Nbd7 13. Nc4 Qb8 14. Bf4 Nb6 15. Ne3 h6 16. a4 Bd7 17. Qc2 Bf8 18. Rfb1 g5 19. Bg3 Rxe3 20. fxe3 Nfxd5 21. Nxd5 Nxd5 22. Bf3 Nb4 23. Qd2 Ra7 24. Rd1 Qe8 25. Bxd6 Bxa4 26. Bxf8 Bxd1 27. Bxc5 Rc7 28. Qxb4 Bxf3 29. gxf3 Qc6 30. Bd4 Rb7 31. Qc5 Qxf3 32. Qc8+ Kh7 33. Qh8+ Kg6 34. Rxa6+ Kh5 35. Qxh6+ Kg4 36. h3+ Qxh3 37. Qxh3+ 1-0

[Event "ALG-ch 24th"]
[Site "Sidi Bel Abbes"]
[Date "2012.03.01"]
[Round "2"]
[White "Dekar, Lies"]
[Black "Ioualalen, Lotfi"]
[Result "0-1"]
[WhiteElo "2160"]
[BlackElo "2107"]
[PlyCount "70"]
[EventDate "2012.03.01"]
[EventType "tourn"]
[EventRounds "9"]
[EventCountry "ALG"]
[SourceTitle "CBM 147 Extra"]
[Source "ChessBase"]
[SourceDate "2012.04.24"]
[SourceVersion "1"]
[SourceVersionDate "2012.04.24"]
[SourceQuality "1"]

1. e4 Nf6 2. d3 d5 3. Nd2 e5 4. Ngf3 Nc6 5. Be2 Bc5 6. 0-0 0-0 7. c3 a5 8. Qc2 Bg4 9. Rd1 Qe7 10. Nf1 h6 11. Ne3 Rad8 12. h3 Bc8 13. Bd2 b6 14. Bf1 d4 15. cxd4 Nxd4 16. Nxd4 Bxd4 17. Rab1 c5 18. Be2 Be6 19. b3 Ne8 20. Bg4 Bxg4 21. hxg4 Qh4 22. Rf1 Bxe3 23. Bxe3 Qxg4 24. a3 Qd7 25. Rfd1 Rc8 26. Qe2 Nc7 27. b4 Nb5 28. bxc5 Nc3 29. Qh5 Nxb1 30. Rxb1 bxc5 31. Qxe5 Qxd3 32. Rb6 Qd1+ 33. Kh2 Qg4 34. f3 Qh4+ 35. Kg1 Qe1+ 0-1

[Event "ALG-ch 24th"]
[Site "Sidi Bel Abbes"]
[Date "2012.03.01"]
[Round "1"]
[White "Ioualalen, Lotfi"]
[Black "Seraoui, Mohcen"]
[Result "0-1"]
[WhiteElo "2107"]
[BlackElo "2196"]
[PlyCount "103"]
[EventDate "2012.03.01"]
[EventType "tourn"]
[EventRounds "9"]
[EventCountry "ALG"]
[SourceTitle "CBM 147 Extra"]
[Source "ChessBase"]
[SourceDate "2012.04.24"]
[SourceVersion "1"]
[SourceVersionDate "2012.04.24"]
[SourceQuality "1"]

1. d4 e6 2. c4 f5 3. g3 Nf6 4. Bg2 Bb4+ 5. Nc3 0-0 6. Nf3 Qe8 7. 0-0 Bxc3 8. bxc3 d6 9. Ba3 Nbd7 10. Rb1 Ne4 11. Qc2 Qh5 12. Ne1 Nb6 13. Qd3 Nd7 14. f3 Nef6 15. e4 fxe4 16. fxe4 e5 17. Nc2 b6 18. c5 dxc5 19. dxc5 Re8 20. c6 Nf8 21. Ne3 Be6 22. c4 Ng4 23. Nxg4 Bxg4 24. c5 Ne6 25. Qb3 Kh8 26. cxb6 Nd4 27. Qe3 axb6 28. Rf2 h6 29. Bb2 Rxa2 30. Bxd4 exd4 31. Qxd4 Rxf2 32. Qxf2 Qg6 33. Rc1 Qe6 34. Qf4 Re7 35. Ra1 Rf7 36. Qc1 Bh3 37. Bxh3 Qxh3 38. Qc2 Qe6 39. e5 g6 40. Qe4 Kg7 41. Ra7 Qb3 42. Ra1 Qc3 43. Rd1 Qc5+ 44. Kh1 b5 45. e6 Re7 46. Rf1 Qd6 47. Re1 b4 48. Re3 b3 49. Rxb3 Qd1+ 50. Kg2 Qxb3 51. Qe5+ Kh7 52. Qf6 0-1

[Event "Bejaia op 1st"]
[Site "Bejaia"]
[Date "2012.??.??"]
[Round "6"]
[White "Bedroune, Soufyane"]
[Black "Ioualalen, Lotfi"]
[Result "1-0"]
[WhiteElo "1861"]
[BlackElo "2106"]
[PlyCount "71"]
[EventDate "2012.12.26"]
[EventType "swiss"]
[EventRounds "9"]
[EventCountry "ALG"]
[SourceTitle "CBM 152 Extra"]
[Source "ChessBase"]
[SourceDate "2013.02.25"]
[SourceVersion "1"]
[SourceVersionDate "2013.02.25"]
[SourceQuality "1"]

1. d4 d5 2. c4 c6 3. cxd5 cxd5 4. Nc3 Nf6 5. Bf4 Nc6 6. Nf3 e6 7. e3 Bd6 8. Bg3 Bxg3 9. hxg3 0-0 10. Bd3 Qd6 11. Qb1 h6 12. 0-0 e5 13. Nb5 Qe7 14. Nxe5 Nxe5 15. dxe5 Qxe5 16. Nd4 Ng4 17. Rd1 Qh5 18. Nf3 Be6 19. Be2 Rac8 20. Nh4 Qe5 21. Bxg4 Bxg4 22. Rd4 Rc4 23. Qd3 Rxd4 24. exd4 Qf6 25. Re1 g5 26. Nf3 Bxf3 27. gxf3 Rc8 28. Re5 Rc1+ 29. Kg2 Qc6 30. Qe3 Qc4 31. Re8+ Kh7 32. Kh3 Rh1+ 33. Kg4 Qf1 34. Kf5 Qb1+ 35. Kf6 Rc1 36. Rh8+ 1-0

[Event "Bejaia op 1st"]
[Site "Bejaia"]
[Date "2012.??.??"]
[Round "4"]
[White "Ioualalen, Lotfi"]
[Black "Rausis, Igors"]
[Result "0-1"]
[WhiteElo "2106"]
[BlackElo "2512"]
[PlyCount "70"]
[EventDate "2012.12.26"]
[EventType "swiss"]
[EventRounds "9"]
[EventCountry "ALG"]
[SourceTitle "CBM 152 Extra"]
[Source "ChessBase"]
[SourceDate "2013.02.25"]
[SourceVersion "1"]
[SourceVersionDate "2013.02.25"]
[SourceQuality "1"]

1. d4 d6 2. c4 e5 3. Nc3 exd4 4. Qxd4 Nc6 5. Qd1 Nf6 6. Nf3 g6 7. Bg5 Bg7 8. e3 h6 9. Bh4 Be6 10. Nd4 Nxd4 11. exd4 Qe7 12. Be2 Bxc4 13. 0-0 Bxe2 14. Nxe2 0-0 15. Nc3 Qd7 16. h3 Rfe8 17. Qf3 g5 18. Bg3 Qc6 19. Qd3 Re7 20. Rac1 Rae8 21. d5 Qb6 22. h4 Ne4 23. Nxe4 Rxe4 24. hxg5 hxg5 25. Kh2 R4e7 26. Qf5 Qxb2 27. Qxg5 Qf6 28. Qg4 Qg6 29. Qa4 Re4 30. Qd7 Qh5+ 31. Kg1 R4e7 32. Qa4 f5 33. Rc4 Re1 34. f3 Rxf1+ 35. Kxf1 Qh1+ 0-1